Applying Trauma sensitive practices in school counseling, intervention for Ach (Record no. 3931)

MARC details
000 -LEADER
fixed length control field 00455nam a22001457a 4500
008 - FIXED-LENGTH DATA ELEMENTS--GENERAL INFORMATION
fixed length control field 250623b |||||||| |||| 00| 0 eng d
020 ## - INTERNATIONAL STANDARD BOOK NUMBER
ISBN 9780367237233
100 ## - MAIN ENTRY--AUTHOR
Author Rawson Stacey
245 ## - TITLE STATEMENT
Title Applying Trauma sensitive practices in school counseling, intervention for Ach
260 ## - PUBLICATION, DISTRIBUTION, ETC. (IMPRINT)
Place of publication Milton park Abington
Name of publisher Routledge
Date of publication 2021
300 ## - COLLATION
Pagination 222p.
Other physical details ill.
650 ## - TRACINGS
Main Subject Counseling
Subdivision (1st) School mental health services
942 ## - ADDED ENTRY ELEMENTS (KOHA)
Item type Books
050 ## - LIBRARY OF CONGRESS CALL NUMBER
Classification number LB3430
Item number .R39
Holdings
Source of classification or shelving scheme Not for loan Permanent location Current location Date acquired Accession No. Full call number Barcode. Koha item type
Library of Congress Classification   Samuel Ogbemudia Main Library, University of Abuja Samuel Ogbemudia Main Library, University of Abuja 06/23/2025 2025/65093 LB3430.R39 2025-2631 Books